00000000cam 2200000zi 4500
0019.957263
003CaOODSP
00520260602113349
006m     o  d f      
007cr cn|||||||||
008251112s2025    onc     o    f000 0 eng d
020 |a9780660796819
040 |aCaOODSP|beng|erda|cCaOODSP
043 |an-cn---
0861 |aT94-103/2025E-PDF
24500|aBuild Canada Homes : |bspecial operating agency transitional framework agreement.
264 1|a[Ottawa, Ontario] : |b[Housing, Infrastructure and Communities Canada = Logement, Infrastructures et Collectivités Canada], |c[2025]
300 |a1 online resource (14 pages)
336 |atext|btxt|2rdacontent
337 |acomputer|bc|2rdamedia
338 |aonline resource|bcr|2rdacarrier
500 |aCover title.
500 |aIssued also in French under title: Maisons Canada : organisme de service spécial entente-cadre.
520 |a"This framework agreement document, which has been updated from the transitional version approved by Treasury Board in August 2025, serves as the Charter for BCH and sets out, inter alia, its mission, mandate, strategic direction and objectives. It also details the relationship of BCH with its home department of HICC and other organizations, as well as the organizational and accountability framework"--page 4.
650 0|aHousing policy|zCanada.
7101 |aCanada. |bHousing, Infrastructure and Communities Canada, |eissuing body.
77508|tMaisons Canada : |w(CaOODSP)9.957265
85640|qPDF|s203 KB|uhttps://publications.gc.ca/collections/collection_2026/licc-hicc/T94-103-2025-eng.pdf
8564 |qHTML|sN/A|uhttps://housing-infrastructure.canada.ca/bch-mc/framework-agreement-entente-cadre-eng.html